| 000 | 01390cam a2200265 4500 | ||
|---|---|---|---|
| 001 | J120750 | ||
| 008 | 020722n1994 000 0 eng u | ||
| 035 | _a(Sirsi) u120750 | ||
| 050 |
_a692.8 _c18 |
||
| 110 |
_aRIBA Publications _94396 |
||
| 245 | _aImportant notice for all users of JCT contracts and RIBA final certificates (based on a note ciculated by the RIBA to all constituent bodies of the Joint Contracts Tribunal) | ||
| 260 |
_aLondon _bRIBA Publications _c1994 |
||
| 300 |
_a1p. _c30cm. |
||
| 520 | _aAdvises on amendments to JCT80, WCD81 and IFC84 and other forms of contracts which include similar provisions relating to the issue of a final certificate, but not MW80, in the light of "Crown Estate Commissioners v John Mowlem and Company Ltd" [1994] 10 CLJ 311. | ||
| 650 | _aBUILT ENVIRONMENT-BUILDING CONTRACT FORMS | ||
| 650 | _aCROWN ESTATE COMMISSIONERS V JOHN MOWLEM AND CO LTD | ||
| 650 | _aFINAL CERTIFICATES | ||
| 650 | _aJCT INTERMEDIATE FORM OF BUILDING CONTRACT (1984 EDITION) | ||
| 650 | _aBUILT ENVIRONMENT-BUILDING CONTRACT FORMS-STANDARD FORMS OF BUILDING CONTRACT-JOINT CONTRACTS TRIBNUAL CONTRACTS | ||
| 650 | _aJCT STANDARD FORM OF BUILDING CONTRACT (1980 EDITION) | ||
| 650 | _aMW80 | ||
| 650 | _aJCT STANDARD FORM OF CONTRACT WITH CONTRACTOR'S DESIGN (1981 EDITION) | ||
| 690 | _aBUILT ENVIRONMENT-BUILDING CONTRACT FORMS | ||
| 942 | _n0 | ||
| 999 |
_c102556 _d102556 |
||